Quiz Map Map Atsinanana - Statistics

General Stats
  • This quiz has been taken 7 times
  • The average score is 20 of 20
Answers on the Map
Answers color-coded by a green-red scale on the quiz's map according to % correct below.
 
Answer Stats
Answer % Correct
Comores
100%
Djibouti
100%
Etiyopiya
100%
Kenya
100%
Madagasikara
100%
Malawi
100%
Maorisy
100%
Mayotte (Frantsa)
100%
Mozambika
100%
Oganda
100%
Rwanda
100%
Seychelles
100%
Somalia
100%
Sudan Astimo
100%
Tanzaniya
100%
Vola
100%
Zambiya
100%
Zimbaboe
100%
Hihaona (Frantsa)
86%
Burundi
71%
No matching quizzes found
Score Distribution
Percent of People with Each Score
Percentile by Number Answered
Your Score History
You have not taken this quiz